MARC details
| 000 -LEADER |
| fixed length control field |
01019nam a2200301 a 4500 |
| 001 - CONTROL NUMBER |
| control field |
BD-DhNSU-30953 |
| 003 - CONTROL NUMBER IDENTIFIER |
| control field |
BD-DhNSU |
| 005 - DATE AND TIME OF LATEST TRANSACTION |
| control field |
20260422163839.0 |
| 008 - FIXED-LENGTH DATA ELEMENTS--GENERAL INFORMATION |
| fixed length control field |
260406s1975 bg ||||g vwg| 000 0|eng d |
| 040 ## - CATALOGING SOURCE |
| Original cataloging agency |
DLC |
| Transcribing agency |
BD-DhNSU |
| Modifying agency |
BD-DhNSU |
| 041 ## - LANGUAGE CODE |
| Language code of text |
eng |
| 050 00 - LIBRARY OF CONGRESS CALL NUMBER |
| Classification number |
KNG19 |
| Item number |
.A2D33 1975 |
| 245 04 - TITLE STATEMENT |
| Title |
The Dacca law reports : |
| Remainder of title |
(a monthly law journal) , |
| Number of part/section of a work |
Vol. 27 / |
| Statement of responsibility, etc. |
edited by Obaidul Huq Chowdhury. |
| 246 0# - VARYING FORM OF TITLE |
| Title proper/short title |
DLR : |
| Remainder of title |
Volume XXVII |
| 260 ## - PUBLICATION, DISTRIBUTION, ETC. |
| Place of publication, distribution, etc. |
Dhaka : |
| Name of publisher, distributor, etc. |
Dacca Law Reports, |
| Date of publication, distribution, etc. |
c1975. |
| 300 ## - PHYSICAL DESCRIPTION |
| Extent |
vp ; |
| Dimensions |
25 cm. |
| 500 ## - GENERAL NOTE |
| General note |
"A journal of law reports." |
| 500 ## - GENERAL NOTE |
| General note |
Cit. 27 DLR (AD); 27 DLR etc. |
| 526 0# - STUDY PROGRAM INFORMATION NOTE |
| Program name |
Law |
| 590 ## - LOCAL NOTE (RLIN) |
| Documentalist |
Nuri Mahajabi |
| 590 ## - LOCAL NOTE (RLIN) |
| Documentalist |
Sumaiya Kainat Bintey Kohinoor |
| 650 #0 - SUBJECT ADDED ENTRY--TOPICAL TERM |
| Topical term or geographic name entry element |
Law reports, digests, etc. |
| Geographic subdivision |
Bangladesh. |
| 650 #0 - SUBJECT ADDED ENTRY--TOPICAL TERM |
| Topical term or geographic name entry element |
Law reports, digests, etc. |
| Geographic subdivision |
India |
| -- |
Bengal. |
| 700 ## - ADDED ENTRY--PERSONAL NAME |
| Personal name |
Chowdhury, Obaidul Huq |
| Relator term |
editor |
| 710 2# - ADDED ENTRY--CORPORATE NAME |
| Corporate name or jurisdiction name as entry element |
Bangladesh. |
| Subordinate unit |
The Appellate Division, Supreme Court. |
| 710 2# - ADDED ENTRY--CORPORATE NAME |
| Corporate name or jurisdiction name as entry element |
East Pakistan (Pakistan). |
| Subordinate unit |
High Court of Judicature. |
| 942 ## - ADDED ENTRY ELEMENTS (KOHA) |
| Source of classification or shelving scheme |
lcc |
| Koha item type |
BK |
| 999 ## - SYSTEM CONTROL NUMBERS (KOHA) |
| -- |
30953 |
| -- |
30953 |